00977cam a2200277 a 450000100100000000500170001000800410002704000290006804200120009708200190010910000420012824500360017026000330020630000210023949000390026050400340029960000360033365000260036965000300039570000510042583000460047691000280052204900090055095201230055999900170068200001813120200929165352.0740906s1969 fr 000 f fre d aDO-SdBNPbfrecLCdBNPHU apremarc a843.914bB861c1 aBrisville, Jean-Claude,d1922-93928510aCamus /cJean-Claude Brisville. a[Paris] :bGallimard,c1969. a221 p. ;c17 cm.1 aPour une bibliotheque idéale,v8 aBibliografía: p. [207]-215.10aCamus, Albert,d1913-196094231 4aNovela francesa91075 4aLiteratura francesa910741 aCamus, Albert,d1913-1960.tSelections.939286 0aPour une bibliotheque idéale,v8939287 aCatalogación derivada aBNGR 001054708MOaGRbGRcCTd2010-04-15iLF1l0o843.914 B861cp18131-10r2020-06-25w2020-06-25y4ZPréstamo en sala c17652d17652